The Jerusalem cathedra: (Record no. 123753)
[ view plain ]
| 000 -LEADER | |
|---|---|
| fixed length control field | 00685nam a22001697a 4500 |
| 008 - FIXED-LENGTH DATA ELEMENTS--GENERAL INFORMATION | |
| fixed length control field | 151104b xxu||||| |||| 00| 0 eng d |
| 050 ## - LIBRARY OF CONGRESS CALL NUMBER | |
| Classification number | DS101.J3515 |
| 100 ## - MAIN ENTRY--PERSONAL NAME | |
| Personal name | Levine, Lee (ed.) |
| 9 (RLIN) | 21029 |
| 245 ## - TITLE STATEMENT | |
| Title | The Jerusalem cathedra: |
| Remainder of title | studies in the history, archaeology, geographyand ethnography of the land of Israel |
| Statement of responsibility, etc | /edited by Lee I. Levine |
| 260 ## - PUBLICATION, DISTRIBUTION, ETC. (IMPRINT) | |
| Place of publication, distribution, etc | Jerusalem |
| Name of publisher, distributor, etc | Wayne state University Press |
| Date of publication, distribution, etc | 1981 |
| 300 ## - PHYSICAL DESCRIPTION | |
| Extent | 362p. ; |
| Dimensions | 26cm. |
| 650 ## - SUBJECT ADDED ENTRY--TOPICAL TERM | |
| Topical term or geographic name as entry element | Israel |
| General subdivision | History |
| -- | Periodicals |
| 9 (RLIN) | 20980 |
| 650 ## - SUBJECT ADDED ENTRY--TOPICAL TERM | |
| Topical term or geographic name as entry element | Palestine |
| General subdivision | History |
| -- | Periodicals |
| 9 (RLIN) | 20981 |
| 650 ## - SUBJECT ADDED ENTRY--TOPICAL TERM | |
| Topical term or geographic name as entry element | Israel |
| General subdivision | Antiquities |
| -- | Periodicals |
| 9 (RLIN) | 20982 |
| 650 ## - SUBJECT ADDED ENTRY--TOPICAL TERM | |
| Topical term or geographic name as entry element | Palestine |
| General subdivision | Antiquities |
| -- | Periodicals |
| 9 (RLIN) | 20983 |
| 942 ## - ADDED ENTRY ELEMENTS (KOHA) | |
| Source of classification or shelving scheme | Library of Congress Classification |
| Item type | Monograph ( Printed materials) |
| Withdrawn status | Lost status | Source of classification or shelving scheme | Damaged status | Not for loan | Home library | Current library | Date acquired | Total Checkouts | Full call number | Barcode | Date last seen | Copy number | Price effective from | Koha item type |
|---|---|---|---|---|---|---|---|---|---|---|---|---|---|---|
| Library of Congress Classification | ARRUPE LIBRARY | ARRUPE LIBRARY | 10/11/2015 | DS101.J3515 | 80005002652 | 04/12/2017 | v.1 | 10/11/2015 | Monograph ( Printed materials) |